[Event "Quebec-ch Senior"]
[Site "Montreal CAN"]
[Date "2018.04.20"]
[Round "1.1"]
[White "Barbeau, Sylvain"]
[Black "Millette, Sylvain"]
[Result "1-0"]
[WhiteElo "2320"]
[BlackElo "1695"]
[PlyCount "29"]
[EventDate "2018.04.20"]
[EventType "swiss"]
[EventRounds "5"]
[EventCountry "CAN"]

1. Nf3 Nf6 2. c4 g6 3. g3 c5 4. Bg2 Bg7 5. d4 d5 6. cxd5 cxd4 7. Nxd4 Nxd5 8.
O-O O-O 9. Nc3 Nxc3 10. bxc3 e5 11. Nb5 Qxd1 12. Rxd1 Nc6 13. Ba3 Rd8 14. Bxc6
Rxd1+ 15. Rxd1 1-0

[Event "Quebec-ch Senior"]
[Site "Montreal CAN"]
[Date "2018.04.21"]
[Round "2.1"]
[White "Michaud, Luc"]
[Black "Barbeau, Sylvain"]
[Result "0-1"]
[WhiteElo "1714"]
[BlackElo "2320"]
[PlyCount "96"]
[EventDate "2018.04.20"]
[EventType "swiss"]
[EventRounds "5"]
[EventCountry "CAN"]

1. d4 d6 2. e4 g6 3. Be3 Bg7 4. c4 c5 5. Nc3 cxd4 6. Bxd4 Nf6 7. Bd3 Nc6 8. Be3
Ng4 9. Nge2 Nxe3 10. fxe3 O-O 11. O-O b6 12. Rc1 Bb7 13. Qd2 e6 14. Bb1 Qe7 15.
Nb5 Rad8 16. Nbd4 Ne5 17. Nf3 Rd7 18. Ned4 Qd8 19. b3 Qa8 20. Qc2 Rc8 21. Nxe5
dxe5 22. Nf3 Rcd8 23. h3 f5 24. exf5 exf5 25. Rf2 Be4 26. Qe2 Bxb1 27. Rxb1 Qe4
28. Re1 Bh6 29. Kh1 Rd3 30. Qf1 Bxe3 31. Rfe2 f4 32. Ng5 Qf5 33. Nf3 e4 34. Nh2
h5 35. g3 fxg3 36. Qxf5 gxf5 37. Rxe3 Rxe3 38. Rxe3 gxh2 39. Kxh2 Kf7 40. Kg3
Rd3 41. Kf4 Rxe3 42. Kxe3 a5 43. a3 Ke6 44. Kd4 Kd6 45. b4 axb4 46. axb4 Ke6
47. h4 Kd6 48. Ke3 Ke5 0-1

[Event "Quebec-ch Senior"]
[Site "Montreal CAN"]
[Date "2018.04.21"]
[Round "3.1"]
[White "Barbeau, Sylvain"]
[Black "Khassanov, Marat"]
[Result "1/2-1/2"]
[WhiteElo "2320"]
[BlackElo "2200"]
[PlyCount "96"]
[EventDate "2018.04.20"]
[EventType "swiss"]
[EventRounds "5"]
[EventCountry "CAN"]

1. e4 c5 2. Nf3 d6 3. Bb5+ Bd7 4. Bxd7+ Qxd7 5. c4 Nc6 6. d4 cxd4 7. Nxd4 Nf6
8. Nc3 Qg4 9. Qxg4 Nxg4 10. Nxc6 bxc6 11. Bf4 g6 12. h3 Nf6 13. e5 Nh5 14. Bh2
dxe5 15. Bxe5 Bg7 16. Bxg7 Nxg7 17. O-O-O Rd8 18. Kc2 e6 19. Ne4 Ke7 20. b4 e5
21. Nc5 f6 22. Kc3 Ne6 23. Nxe6 Kxe6 24. Rxd8 Rxd8 25. b5 c5 26. Rb1 e4 27. Rb3
Ke5 28. a4 f5 29. a5 f4 30. Kc2 Kd4 31. b6 axb6 32. axb6 Kxc4 33. b7 Rb8 34.
Rb6 e3 35. fxe3 fxe3 36. Kd1 Kd3 37. Rd6+ Ke4 38. Rd7 h5 39. Ke2 Kf4 40. Rf7+
Kg3 41. Rg7 Kf4 42. Rf7+ Kg3 43. Rg7 Kxg2 44. Rxg6+ Kxh3 45. Rg7 c4 46. Kxe3
Rd8 47. Rd7 Re8+ 48. Kd4 h4 1/2-1/2

[Event "Quebec-ch Senior"]
[Site "Montreal CAN"]
[Date "2018.04.22"]
[Round "4.1"]
[White "Gauthier, Denis"]
[Black "Barbeau, Sylvain"]
[Result "0-1"]
[WhiteElo "1846"]
[BlackElo "2320"]
[PlyCount "75"]
[EventDate "2018.04.20"]
[EventType "swiss"]
[EventRounds "5"]
[EventCountry "CAN"]

1. d4 f5 2. g3 Nf6 3. Bg2 d6 4. Nf3 g6 5. O-O Bg7 6. b3 O-O 7. Bb2 Ne4 8. Nbd2
Nc6 9. e3 d5 10. c4 e6 11. Qe2 g5 12. Rfd1 Bd7 13. Rac1 Be8 14. Ne5 Qe7 15. a3
Rf6 16. f3 Nxd2 17. Rxd2 f4 18. exf4 gxf4 19. Ng4 Rf7 20. Re1 h5 21. Ne5 Nxe5
22. dxe5 dxc4 23. Qxc4 Bc6 24. Qd3 Raf8 25. Rf1 Qg5 26. gxf4 Rxf4 27. Qe3 Qg6
28. Qd3 Qg5 29. Qe3 Bh6 30. Kh1 Kh8 31. Rdf2 Bd5 32. Bc1 Qh4 33. Qc3 Rg8 34. b4
Rc4 35. Qb2 Rxc1 36. Rxc1 Bf4 37. Bf1 Qg5 38. Rg2 0-1

[Event "Quebec-ch Senior"]
[Site "Montreal CAN"]
[Date "2018.04.22"]
[Round "5.1"]
[White "Barbeau, Sylvain"]
[Black "Kozlov, Guennadi"]
[Result "1-0"]
[WhiteElo "2320"]
[BlackElo "1680"]
[PlyCount "65"]
[EventDate "2018.04.20"]
[EventType "swiss"]
[EventRounds "5"]
[EventCountry "CAN"]

1. f4 b6 2. e4 Bb7 3. Nc3 e6 4. Nf3 d5 5. Qe2 Ne7 6. g3 g6 7. Bg2 Bg7 8. e5 O-O
9. d3 a6 10. Bd2 c5 11. g4 Nbc6 12. h4 Qc7 13. h5 Rad8 14. hxg6 fxg6 15. Qf2 h6
16. O-O-O Na5 17. Kb1 Bc6 18. Qh4 Kf7 19. f5 exf5 20. Bxh6 Rh8 21. Qg5 Bxe5 22.
Nxe5+ Qxe5 23. Rde1 Qf6 24. Qc1 Rde8 25. Bg5 Qg7 26. Bxe7 Rxh1 27. Bxh1 Rxe7
28. Bxd5+ Bxd5 29. Nxd5 Rb7 30. Qg5 Nc6 31. gxf5 gxf5 32. Qxf5+ Kg8 33. Re8+
1-0

[Event "Quebec-ch Senior"]
[Site "Montreal CAN"]
[Date "2017.04.21"]
[Round "1"]
[White "Millette, Sylvain"]
[Black "Barbeau, Sylvain"]
[Result "0-1"]
[WhiteElo "1687"]
[BlackElo "2316"]
[PlyCount "60"]
[EventDate "2017.04.21"]
[EventType "swiss"]
[EventRounds "1"]
[EventCountry "CAN"]

1. Nf3 d6 2. g3 g6 3. d4 f5 4. c3 Nf6 5. Qb3 e6 6. Ng5 d5 7. Bg2 Nc6 8. Nxe6
Bxe6 9. Qxb7 Ne7 10. O-O Qb8 11. Qa6 Qb6 12. Qd3 Bg7 13. b3 O-O 14. Ba3 Rfe8
15. Bc5 Qb7 16. Qe3 Ne4 17. Ba3 Nc6 18. Nd2 Rad8 19. Nxe4 dxe4 20. Rfd1 Qa6 21.
Bc5 Nb8 22. Rd2 Nd7 23. d5 Nxc5 24. Qxc5 Qb6 25. Qc4 c6 26. Rad1 cxd5 27. Qa4
Bxc3 28. Rxd5 Bxd5 29. Rxd5 Bf6 30. Rb5 Qc6 0-1

[Event "Quebec-ch Senior"]
[Site "Montreal CAN"]
[Date "2017.04.22"]
[Round "2"]
[White "Barbeau, Sylvain"]
[Black "Blanchette, Rene"]
[Result "1-0"]
[WhiteElo "2316"]
[BlackElo "1719"]
[PlyCount "43"]
[EventDate "2017.04.21"]
[EventType "swiss"]
[EventRounds "1"]
[EventCountry "CAN"]

1. Nf3 Nf6 2. c4 c5 3. g3 Nc6 4. Bg2 d6 5. O-O g6 6. d4 cxd4 7. Nxd4 Bd7 8. Nc3
Bg7 9. Nc2 O-O 10. b3 Qc8 11. Re1 Bh3 12. Bh1 Ne4 13. Nxe4 Bxa1 14. Nxa1 f5 15.
Ng5 f4 16. Nxh3 Qxh3 17. Bxf4 Rxf4 18. gxf4 Qg4+ 19. Bg2 Qxf4 20. e3 Qf6 21.
Nc2 Ne5 22. f4 1-0

[Event "Quebec-ch Senior"]
[Site "Montreal CAN"]
[Date "2017.04.22"]
[Round "3"]
[White "Bouchard, Jean-Marc"]
[Black "Barbeau, Sylvain"]
[Result "0-1"]
[WhiteElo "1957"]
[BlackElo "2316"]
[PlyCount "49"]
[EventDate "2017.04.21"]
[EventType "swiss"]
[EventRounds "1"]
[EventCountry "CAN"]

1. e4 e5 2. Nf3 Nc6 3. Bb5 a6 4. Ba4 d6 5. c3 Bg4 6. h3 Bh5 7. d3 Nf6 8. g4 Bg6
9. c4 Nd7 10. Bxc6 bxc6 11. Qa4 c5 12. Nc3 Be7 13. Nd5 O-O 14. Bd2 Nb6 15.
Nxe7+ Qxe7 16. Qc2 a5 17. O-O Nd7 18. Bg5 f6 19. Be3 Nb8 20. Nh4 Nc6 21. f4
exf4 22. Rxf4 Rfb8 23. Nxg6 hxg6 24. Raf1 Qe5 25. Bc1 0-1

[Event "Quebec-ch Senior"]
[Site "Montreal CAN"]
[Date "2017.04.23"]
[Round "4"]
[White "Barbeau, Sylvain"]
[Black "Kozlov, Guennadi"]
[Result "1-0"]
[WhiteElo "2316"]
[BlackElo "1740"]
[PlyCount "83"]
[EventDate "2017.04.21"]
[EventType "swiss"]
[EventRounds "1"]
[EventCountry "CAN"]

1. Nf3 d5 2. c4 e6 3. g3 Nf6 4. Bg2 c6 5. b3 g6 6. O-O Bg7 7. Bb2 O-O 8. d3
Nbd7 9. Nbd2 Nh5 10. Qc2 Bxb2 11. Qxb2 Qf6 12. d4 Qe7 13. e4 dxe4 14. Nxe4 Nhf6
15. Rfe1 Nxe4 16. Rxe4 Qf6 17. Rd1 Nb6 18. Ne5 Qg7 19. a4 a5 20. Qd2 Rd8 21.
Qe1 Nd7 22. Re3 Nf6 23. Rf3 Rf8 24. Qd2 Ne8 25. Re1 Nc7 26. h4 h5 27. Re4 f5
28. Re1 Kh7 29. Rd3 Re8 30. Nf3 Rd8 31. Re5 Rd6 32. Rxa5 Rxa5 33. Qxa5 Na6 34.
Qd2 Qh6 35. Ng5+ Kg8 36. b4 Qg7 37. Nf3 Nc7 38. Qf4 Rd8 39. Ne5 Kh7 40. b5 c5
41. dxc5 Rxd3 42. Nxd3 1-0

[Event "Quebec-ch Senior"]
[Site "Montreal CAN"]
[Date "2017.04.23"]
[Round "5"]
[White "Morin, Louis"]
[Black "Barbeau, Sylvain"]
[Result "0-1"]
[WhiteElo "1912"]
[BlackElo "2316"]
[PlyCount "116"]
[EventDate "2017.04.21"]
[EventType "swiss"]
[EventRounds "1"]
[EventCountry "CAN"]

1. e4 e6 2. d4 d5 3. exd5 exd5 4. Bd3 Nc6 5. c3 Bd6 6. Ne2 Nge7 7. Bf4 Bg4 8.
Bxd6 Qxd6 9. Na3 O-O-O 10. Qd2 Rhe8 11. O-O-O Bf5 12. Bxf5+ Nxf5 13. Ng3 Nxg3
14. hxg3 h6 15. Rde1 Kd7 16. Rxe8 Rxe8 17. Re1 Rxe1+ 18. Qxe1 Qe6 19. Qxe6+
fxe6 20. Nc2 e5 21. Kd2 exd4 22. cxd4 Ke6 23. Ke3 Na5 24. b3 b6 25. Kd3 c5 26.
dxc5 bxc5 27. b4 cxb4 28. Nxb4 Kd6 29. Kd4 Nc6+ 30. Nxc6 Kxc6 31. g4 Kd6 32. f4
Kc6 33. f5 Kd6 34. g3 a6 35. g5 hxg5 36. g4 a5 37. a4 Kc6 38. Ke5 Kc5 39. Ke6
d4 40. Kf7 d3 41. Kxg7 d2 42. f6 d1=Q 43. f7 Qd7 44. Kg8 Qe6 45. Kg7 Qe7 46.
Kg8 Kb4 47. f8=B Qxf8+ 48. Kxf8 Kxa4 49. Kg7 Kb5 50. Kf6 a4 51. Kxg5 a3 52. Kh6
a2 53. g5 a1=Q 54. Kh7 Qh1+ 55. Kg7 Kc6 56. g6 Kd7 57. Kg8 Ke7 58. Kg7 Qh5 0-1

[Event "Quebec-ch Senior"]
[Site "Montreal CAN"]
[Date "2016.04.22"]
[Round "1.1"]
[White "Barbeau, Sylvain"]
[Black "Michaud, Luc"]
[Result "1-0"]
[WhiteElo "2306"]
[BlackElo "1608"]
[PlyCount "81"]
[EventDate "2016.04.22"]
[EventType "swiss"]
[EventRounds "5"]
[EventCountry "CAN"]

1. Nf3 d5 2. c4 c6 3. cxd5 cxd5 4. d4 Nf6 5. Nc3 e6 6. Bf4 a6 7. e3 Be7 8. Bd3
O-O 9. Ne5 Nbd7 10. Qc2 Re8 11. O-O Nf8 12. h3 Bd7 13. g4 h6 14. Bh2 Rc8 15. f4
Ne4 16. Bxe4 dxe4 17. Qxe4 Bf6 18. Qxb7 Bxe5 19. fxe5 Rb8 20. Qg2 Qb6 21. Rf2
Bc6 22. Qf1 Re7 23. Bg3 Reb7 24. Rd1 Qa5 25. Rdd2 Rd8 26. Kh2 Nh7 27. h4 Rbd7
28. h5 Qb6 29. Bh4 Rb8 30. Qg1 Ng5 31. Bxg5 hxg5 32. Qf1 Qb7 33. Kg3 Kh7 34. h6
g6 35. Rh2 Rg8 36. Qf6 Qc7 37. e4 Qd8 38. d5 Qxf6 39. exf6 Rgd8 40. dxc6 Rxd2
41. Rxd2 1-0

[Event "Quebec-ch Senior"]
[Site "Montreal CAN"]
[Date "2016.04.23"]
[Round "2.1"]
[White "Jean, Robert"]
[Black "Barbeau, Sylvain"]
[Result "0-1"]
[WhiteElo "1699"]
[BlackElo "2306"]
[PlyCount "42"]
[EventDate "2016.04.22"]
[EventType "swiss"]
[EventRounds "5"]
[EventCountry "CAN"]

1. d4 f5 2. c4 Nf6 3. g3 g6 4. Bg2 Bg7 5. Nf3 O-O 6. O-O d6 7. Nc3 Nc6 8. a3 h6
9. b4 e5 10. d5 Ne7 11. Bb2 g5 12. Ra2 f4 13. Ba1 Nf5 14. Qc1 e4 15. Nd2 e3 16.
Nde4 exf2+ 17. Rxf2 Ng4 18. Rf1 fxg3 19. hxg3 Bd4+ 20. Kh1 Qe8 21. Bh3 Qh5 0-1

[Event "Quebec-ch Senior"]
[Site "Montreal CAN"]
[Date "2016.04.23"]
[Round "3.1"]
[White "Barbeau, Sylvain"]
[Black "Nunez, Omar"]
[Result "1-0"]
[WhiteElo "2306"]
[BlackElo "1965"]
[PlyCount "69"]
[EventDate "2016.04.22"]
[EventType "swiss"]
[EventRounds "5"]
[EventCountry "CAN"]

1. Nf3 g6 2. d4 Nf6 3. c4 Bg7 4. g3 c5 5. Bg2 O-O 6. O-O cxd4 7. Nxd4 Nc6 8.
Nc3 Qb6 9. Nb3 d6 10. Be3 Qd8 11. c5 Ng4 12. Bf4 e5 13. Bc1 dxc5 14. Qxd8 Rxd8
15. Nxc5 Rb8 16. h3 Nf6 17. Be3 Nd4 18. Rad1 b6 19. Nb3 Ne6 20. Nb5 Ba6 21.
Nxa7 Bxe2 22. Rxd8+ Nxd8 23. Rc1 Ne8 24. Nc8 e4 25. Bxe4 Ba6 26. Ne7+ Kf8 27.
Bf4 Kxe7 28. Bxb8 Bxb2 29. Rc2 Ba3 30. Bf4 f5 31. Bd5 Nf6 32. Bc4 b5 33. Bf1
Ne6 34. Be3 Nd5 35. Bc5+ 1-0

[Event "Quebec-ch Senior"]
[Site "Montreal CAN"]
[Date "2016.04.24"]
[Round "4.1"]
[White "Gauthier, Denis"]
[Black "Barbeau, Sylvain"]
[Result "0-1"]
[WhiteElo "1931"]
[BlackElo "2306"]
[PlyCount "76"]
[EventDate "2016.04.22"]
[EventType "swiss"]
[EventRounds "5"]
[EventCountry "CAN"]

1. d4 Nf6 2. c4 g6 3. Nc3 d5 4. Bf4 Bg7 5. e3 c5 6. dxc5 Qa5 7. Rc1 dxc4 8.
Bxc4 O-O 9. Nf3 Qxc5 10. Bb3 Qa5 11. O-O Na6 12. Qe2 Nc5 13. Bc4 Be6 14. Rfd1
Rac8 15. Bxe6 Nxe6 16. Be5 Rc5 17. Bg3 Nh5 18. Bh4 Bxc3 19. bxc3 Nf6 20. c4
Rfc8 21. Nd4 Qa6 22. Nxe6 Qxe6 23. Qb2 b6 24. Qd4 Rxc4 25. Rxc4 Qxc4 26. Bxf6
exf6 27. Qxf6 Qxa2 28. h4 Qe6 29. Qg5 Qf5 30. Qe7 a5 31. Rd8+ Rxd8 32. Qxd8+
Kg7 33. Qxb6 Qd5 34. Qb2+ f6 35. Qa3 Kf7 36. Qa4 Ke7 37. Qf4 Qd1+ 38. Kh2 Qd6
0-1

[Event "Quebec-ch Senior"]
[Site "Montreal CAN"]
[Date "2016.04.24"]
[Round "5.1"]
[White "Barbeau, Sylvain"]
[Black "Lamoureux, Yvon"]
[Result "1-0"]
[WhiteElo "2306"]
[BlackElo "1624"]
[PlyCount "149"]
[EventDate "2016.04.22"]
[EventType "swiss"]
[EventRounds "5"]
[EventCountry "CAN"]

1. Nf3 Nf6 2. g3 g6 3. Bg2 Bg7 4. c4 d6 5. d4 c6 6. O-O Nbd7 7. Nc3 O-O 8. e4
e5 9. h3 h6 10. Be3 Re8 11. Qc2 a6 12. dxe5 dxe5 13. c5 Qe7 14. Na4 Rb8 15.
Rfd1 Bf8 16. Nd2 Kh7 17. Nc4 Qe6 18. Rd2 g5 19. Rad1 Kg7 20. a3 Kg8 21. b4 Kg7
22. Nd6 Bxd6 23. Rxd6 Qe7 24. Qd2 Nf8 25. h4 N6h7 26. hxg5 hxg5 27. Qc3 f6 28.
Nb6 Be6 29. Bf1 Rbd8 30. Be2 Rxd6 31. cxd6 Qf7 32. a4 Nd7 33. b5 axb5 34. axb5
Nxb6 35. Bxb6 Qd7 36. bxc6 bxc6 37. Bc7 Nf8 38. Rc1 Ra8 39. Qxc6 Qxc6 40. Rxc6
Ra1+ 41. Kg2 Re1 42. Rc2 Kf7 43. Bh5+ Kg7 44. Be2 f5 45. exf5 Bxf5 46. Rd2 Nd7
47. f3 e4 48. Kf2 Rc1 49. fxe4 Bxe4 50. Bg4 Bc6 51. Re2 Nf6 52. Bf5 Rd1 53.
Re7+ Kf8 54. Re6 Kf7 55. Bd8 Ne8 56. Be7 Bd7 57. Re5 Bxf5 58. Rxf5+ Ke6 59.
Rxg5 Nxd6 60. Bxd6 Kxd6 61. Rf5 Ke6 62. Rf4 Ke5 63. Kg2 Rd8 64. Kf3 Rg8 65. g4
Rg5 66. Rf8 Rg6 67. Kg3 Ke6 68. Kh4 Ke7 69. Rf2 Rf6 70. Rxf6 Kxf6 71. Kh5 Kg7
72. Kg5 Kh7 73. Kf6 Kg8 74. g5 Kf8 75. g6 1-0

[Event "Montreal op"]
[Site "Montreal CAN"]
[Date "2009.09.13"]
[Round "5"]
[White "Rousseau, Daniel"]
[Black "Barbeau, Sylvain"]
[Result "0-1"]
[WhiteElo "2149"]
[BlackElo "2365"]
[PlyCount "112"]
[EventDate "2009.09.11"]
[EventType "swiss"]
[EventRounds "5"]
[EventCountry "CAN"]
[TimeControl "3600"]

1. e4 e5 2. Nf3 Nc6 3. Bb5 a6 4. Ba4 d6 5. d4 b5 6. Bb3 Nxd4 7. Nxd4 exd4 8. c3
Nf6 9. cxd4 Be7 10. O-O O-O 11. Nc3 Bb7 12. f3 b4 13. Ne2 Nd7 14. Be3 Bf6 15.
Qd2 a5 16. Rfd1 Nb6 17. a4 Ba6 18. Qc2 d5 19. e5 Be7 20. Ng3 c6 21. Ba2 g6 22.
b3 Rc8 23. Rac1 Nd7 24. Qd2 f5 25. exf6 Bxf6 26. Bb1 Re8 27. Re1 Qb6 28. Bf2
Nf8 29. f4 Ne6 30. Rxe6 Rxe6 31. f5 Re7 32. fxg6 hxg6 33. Bxg6 Rg7 34. Bh5 Rf8
35. Re1 Bc8 36. Bf3 Bg5 37. Be3 Bxe3+ 38. Qxe3 Qd8 39. Nh5 Rg6 40. Nf4 Rgf6 41.
Nd3 Bf5 42. Ne5 Bh7 43. Qg5+ Kh8 44. h4 Rf4 45. Qxd8 Rxd8 46. g3 Rf6 47. Rc1
Rdf8 48. Bg2 Rf2 49. Rxc6 Rd2 50. Bxd5 Rxd4 51. Bc4 Rd1+ 52. Kh2 Be4 53. Kh3
Bxc6 54. Nxc6 Rf5 55. Kg4 Rc5 56. Ne7 Rxc4+ 0-1

[Event "Ahuntsic"]
[Site "Montreal CAN"]
[Date "2009.04.18"]
[Round "2"]
[White "Barbeau, Sylvain"]
[Black "Bolduc, Steve"]
[Result "1-0"]
[WhiteElo "2272"]
[BlackElo "2174"]
[PlyCount "63"]
[EventDate "2009.04.18"]
[EventType "swiss (rapid)"]
[EventRounds "5"]
[EventCountry "CAN"]
[TimeControl "900"]

1. Nf3 Nf6 2. g3 b6 3. Bg2 Bb7 4. O-O c5 5. c4 e6 6. Nc3 Be7 7. d4 cxd4 8. Qxd4
O-O 9. Rd1 d6 10. b3 Nbd7 11. e4 a6 12. Ba3 Nc5 13. e5 dxe5 14. Qxe5 Qc8 15.
Bb2 Re8 16. Rd2 Bc6 17. Rad1 Qb7 18. Ne1 b5 19. cxb5 axb5 20. Bxc6 Qxc6 21. Nd3
Nfd7 22. Qe2 Nxd3 23. Rxd3 Nc5 24. Rd4 Rab8 25. b4 e5 26. Qxe5 Ne6 27. Nd5 Bf8
28. Rg4 Kh8 29. Nf6 Red8 30. Rxd8 Rxd8 31. Qe2 Ra8 32. Qd3 1-0

[Event "Ahuntsic"]
[Site "Montreal CAN"]
[Date "2009.04.18"]
[Round "5"]
[White "Barbeau, Sylvain"]
[Black "Forget, Luc"]
[Result "1-0"]
[WhiteElo "2272"]
[BlackElo "1883"]
[PlyCount "55"]
[EventDate "2009.04.18"]
[EventType "swiss (rapid)"]
[EventRounds "5"]
[EventCountry "CAN"]
[TimeControl "900"]

1. e4 e5 2. Nf3 Nc6 3. d4 exd4 4. Nxd4 Nf6 5. Nxc6 bxc6 6. e5 Qe7 7. Qe2 Nd5 8.
c4 Ba6 9. b3 O-O-O 10. g3 Re8 11. Bb2 g5 12. Bg2 Bg7 13. O-O Bxe5 14. Bxe5 Qxe5
15. Qxe5 Rxe5 16. cxd5 Bxf1 17. Kxf1 cxd5 18. Nc3 c6 19. Rc1 Kd8 20. Ne2 Rhe8
21. Nd4 h5 22. b4 g4 23. a4 a6 24. a5 Kc7 25. f3 Rb8 26. Nc2 Rb5 27. Kf2 Re8
28. Bf1 1-0

[Event "Quebec op"]
[Site "Montreal CAN"]
[Date "2007.07.20"]
[Round "1"]
[White "Anastasovski, Nikola"]
[Black "Barbeau, Sylvain"]
[Result "1-0"]
[WhiteElo "2055"]
[BlackElo "2389"]
[PlyCount "70"]
[EventDate "2007.07.20"]
[EventType "swiss"]
[EventRounds "9"]
[EventCountry "CAN"]

1. e4 e5 2. Nf3 Nc6 3. Bc4 Nf6 4. d3 h6 5. Nc3 d6 6. h3 g6 7. Be3 Na5 8. Bb3 a6
9. d4 Nxb3 10. axb3 exd4 11. Bxd4 Bg7 12. e5 dxe5 13. Bxe5 Qe7 14. O-O O-O 15.
Nd5 Nxd5 16. Bxg7 Kxg7 17. Qxd5 Qf6 18. Rfe1 Rd8 19. Qe5 Qxe5 20. Rxe5 Be6 21.
b4 Kf6 22. Rae1 Rd5 23. Rxd5 Bxd5 24. Nd4 Rc8 25. c3 c5 26. bxc5 Rxc5 27. f3
Ra5 28. Nc2 Bb3 29. Ne3 h5 30. Kf2 Ra2 31. Re2 a5 32. Rd2 Ke7 33. g4 h4 34. g5
a4 35. Ke2 Ra1 1-0

[Event "Quebec op"]
[Site "Montreal CAN"]
[Date "2007.07.23"]
[Round "4"]
[White "Berry, Jonathan"]
[Black "Barbeau, Sylvain"]
[Result "1-0"]
[WhiteElo "2241"]
[BlackElo "2389"]
[PlyCount "75"]
[EventDate "2007.07.20"]
[EventType "swiss"]
[EventRounds "9"]
[EventCountry "CAN"]

1. c4 Nf6 2. Nf3 g6 3. b3 Bg7 4. Bb2 O-O 5. g3 d6 6. Bg2 e5 7. O-O a5 8. a3 Nc6
9. d3 h6 10. e3 Be6 11. d4 exd4 12. Nxd4 Nxd4 13. Qxd4 a4 14. Rc1 axb3 15. Qd1
Rb8 16. a4 c6 17. Nd2 d5 18. cxd5 Bxd5 19. Nxb3 Bxg2 20. Kxg2 Re8 21. a5 Qe7
22. Ra4 Rbd8 23. Qc2 Qe6 24. Bxf6 Bxf6 25. Nc5 Qc8 26. Rb1 Re7 27. h4 Be5 28.
h5 gxh5 29. Rh1 Rd5 30. Rxh5 Bg7 31. Rhh4 Ree5 32. Rhc4 Bf8 33. Ne4 Qf5 34. Qb2
Rb5 35. Qc3 Bg7 36. Nd6 Qd7 37. Nxb5 Rh5 38. Rg4 1-0

[Event "Quebec op"]
[Site "Montreal CAN"]
[Date "2007.07.24"]
[Round "5"]
[White "Pelletier, Jean"]
[Black "Barbeau, Sylvain"]
[Result "0-1"]
[WhiteElo "1610"]
[BlackElo "2389"]
[PlyCount "56"]
[EventDate "2007.07.20"]
[EventType "swiss"]
[EventRounds "9"]
[EventCountry "CAN"]

1. b3 d5 2. Bb2 c5 3. e3 Nf6 4. Nf3 e6 5. Nc3 a6 6. Be2 d4 7. exd4 cxd4 8. Nb1
Nc6 9. O-O Be7 10. a3 e5 11. d3 O-O 12. Nbd2 Nd5 13. Re1 f5 14. Bf1 Bf6 15. g3
b5 16. Bg2 Bb7 17. Kh1 Qd7 18. Ng1 Rfe8 19. Ne2 Re7 20. b4 Nc7 21. Nb3 Ne6 22.
c3 dxc3 23. Bxc3 Rd8 24. f4 Qc8 25. fxe5 Nxe5 26. d4 Bxg2+ 27. Kxg2 Qa8+ 28. d5
Rxd5 0-1

[Event "Quebec op"]
[Site "Montreal CAN"]
[Date "2007.07.25"]
[Round "6"]
[White "Barbeau, Sylvain"]
[Black "Grant, Jonathan"]
[Result "1-0"]
[WhiteElo "2389"]
[BlackElo "2280"]
[PlyCount "133"]
[EventDate "2007.07.20"]
[EventType "swiss"]
[EventRounds "9"]
[EventCountry "CAN"]

1. Nf3 Nf6 2. g3 c5 3. Bg2 Nc6 4. d4 cxd4 5. Nxd4 Qb6 6. Nb3 e6 7. O-O d5 8.
Be3 Qc7 9. Bf4 Bd6 10. Bxd6 Qxd6 11. c4 Qe5 12. cxd5 exd5 13. Nc3 Be6 14. e3
O-O 15. Nd4 Bg4 16. Qa4 Bd7 17. Nxc6 bxc6 18. Qd4 Qh5 19. f3 a5 20. Na4 Rab8
21. a3 Rfe8 22. Rac1 Qg5 23. Rfe1 h5 24. Rc5 Rb5 25. Rxb5 cxb5 26. Nc5 Bc6 27.
Nd3 Qf5 28. Rc1 Bd7 29. Rc5 h4 30. g4 Qg5 31. Nf4 Rc8 32. Rxc8+ Bxc8 33. h3 Be6
34. Bf1 b4 35. axb4 axb4 36. Bb5 Nh7 37. Qxb4 d4 38. Bd3 dxe3 39. Qd4 Nf8 40.
Qxe3 Qa5 41. Qf2 Qd8 42. Be4 g5 43. Nd3 Bc4 44. Ne5 Qd1+ 45. Kg2 Bb5 46. Bc2
Qd6 47. Qe3 Ne6 48. Bb3 Nf4+ 49. Kh1 Qa6 50. Qe1 Be2 51. Nxf7 Qb7 52. Qc3 Bxf3+
53. Kh2 Bd5 54. Nh6+ Kh7 55. Bc2+ Be4 56. Nf5 Qa7 57. Ne3 Qb7 58. Bxe4+ Qxe4
59. Qc2 Qxc2+ 60. Nxc2 Kg6 61. b4 Kf6 62. Nd4 Nd5 63. b5 Ke5 64. Ne2 Ke4 65.
Nc3+ Kd4 66. Nxd5 Kxd5 67. Kg2 1-0

[Event "Quebec op"]
[Site "Montreal CAN"]
[Date "2007.07.27"]
[Round "8"]
[White "Masse, Hugues"]
[Black "Barbeau, Sylvain"]
[Result "0-1"]
[WhiteElo "2181"]
[BlackElo "2389"]
[PlyCount "127"]
[EventDate "2007.07.20"]
[EventType "swiss"]
[EventRounds "9"]
[EventCountry "CAN"]

1. d4 Nf6 2. c4 g6 3. Nc3 d5 4. Bf4 Bg7 5. e3 dxc4 6. Bxc4 O-O 7. Rc1 c6 8. Nf3
Nbd7 9. h3 Nb6 10. Bb3 Nbd5 11. Nxd5 Nxd5 12. Be5 Qa5+ 13. Qd2 Qxd2+ 14. Kxd2
Rd8 15. Ke2 Bxe5 16. Nxe5 Be6 17. Nd3 Nc7 18. Bxe6 Nxe6 19. Nc5 Nxc5 20. Rxc5
Kf8 21. g4 e6 22. h4 Ke7 23. h5 Rd5 24. Rxd5 cxd5 25. hxg6 hxg6 26. Rc1 Kd6 27.
Kf3 Rh8 28. Kg3 b6 29. Kf3 a5 30. b3 f6 31. a3 e5 32. b4 exd4 33. exd4 axb4 34.
axb4 Rh3+ 35. Ke2 Rb3 36. Rc8 Rxb4 37. Rd8+ Ke6 38. Ke3 Rb3+ 39. Ke2 Rb2+ 40.
Ke3 Rb1 41. f4 Rb3+ 42. Ke2 Rg3 43. f5+ Ke7 44. Rxd5 g5 45. Rb5 Rxg4 46. Ke3
Rf4 47. Rd5 Rf1 48. Rb5 g4 49. Rxb6 Rxf5 50. Rb7+ Kd6 51. Rb6+ Kd5 52. Rb5+ Ke6
53. Rb6+ Kf7 54. Rb7+ Kg6 55. Rb8 Rf3+ 56. Ke4 f5+ 57. Ke5 Re3+ 58. Kd6 f4 59.
d5 f3 60. Rg8+ Kh5 61. Rh8+ Kg5 62. Kc7 f2 63. Rh1 Re1 64. Rxe1 0-1

[Event "Quebec op"]
[Site "Montreal CAN"]
[Date "2007.07.28"]
[Round "9"]
[White "Barbeau, Sylvain"]
[Black "Cheng, Bindi"]
[Result "0-1"]
[WhiteElo "2389"]
[BlackElo "2238"]
[PlyCount "110"]
[EventDate "2007.07.20"]
[EventType "swiss"]
[EventRounds "9"]
[EventCountry "CAN"]

1. e4 d5 2. exd5 Nf6 3. d4 Bg4 4. f3 Bf5 5. Bb5+ Nbd7 6. c4 a6 7. Bxd7+ Qxd7 8.
Nc3 e6 9. Bg5 O-O-O 10. Nge2 exd5 11. c5 Be7 12. Qd2 h6 13. Be3 g5 14. h3 Bg6
15. b4 Qf5 16. O-O-O Bh7 17. Kb2 Ne8 18. Nc1 c6 19. Nb3 Nc7 20. Na4 Rde8 21.
Nb6+ Kb8 22. Bg1 Ne6 23. Bh2+ Ka7 24. b5 Bf6 25. g4 Qxf3 26. Rhf1 Nxd4 27. Nc8+
Rxc8 28. Nxd4 Bxd4+ 29. Qxd4 Qe2+ 30. Ka1 Qxb5 31. Rxf7 Bc2 32. Rc1 Rhf8 33.
Rxf8 Rxf8 34. Bc7 a5 35. Qc3 Be4 36. Bxa5 Rf3 37. Bb6+ Ka6 38. Qe1 Rxh3 39. Qd2
Rg3 40. Qd4 Rg2 41. Qc3 Qa4 42. a3 d4 43. Qc4+ Qxc4 44. Rxc4 Rg1+ 45. Kb2 Rb1+
46. Ka2 Bd5 47. Kxb1 Bxc4 48. a4 Be2 49. Kc2 Bxg4 50. Kd3 Bd1 51. a5 g4 52.
Kxd4 h5 53. Ke3 Kb5 54. Kf2 h4 55. Bd8 h3 0-1

[Event "Quebec-ch"]
[Site "Montreal CAN"]
[Date "2007.06.23"]
[Round "2"]
[White "Barbeau, Sylvain"]
[Black "Khassanov, Marat"]
[Result "1-0"]
[WhiteElo "2426"]
[BlackElo "2315"]
[PlyCount "105"]
[EventDate "2007.06.22"]
[EventType "tourn"]
[EventRounds "9"]
[EventCountry "CAN"]

1. e4 e5 2. Nf3 Nc6 3. Bc4 Nf6 4. d3 Be7 5. O-O O-O 6. Re1 h6 7. d4 exd4 8.
Nxd4 d6 9. Nxc6 bxc6 10. Nc3 Re8 11. Bf4 Bf8 12. e5 Nh7 13. Qf3 d5 14. Bd3 Be6
15. Ne2 c5 16. b3 a5 17. Rad1 Qc8 18. h3 c6 19. c4 Rd8 20. Nc3 dxc4 21. bxc4
Be7 22. Ne4 Qc7 23. Nd6 Nf8 24. Qg3 Kh8 25. Qe3 f6 26. Nf5 Bxf5 27. Bxf5 Rxd1
28. Rxd1 Rd8 29. Rb1 fxe5 30. Bxe5 Bd6 31. Qxh6+ Kg8 32. Be6+ Nxe6 33. Qxe6+
Kh8 34. Bc3 Qd7 35. Qxd7 Rxd7 36. Kf1 Rf7 37. Ke2 Rf4 38. Rc1 a4 39. g3 Rf7 40.
Rb1 Re7+ 41. Kd3 Rd7 42. Kc2 Re7 43. Re1 Rf7 44. f4 Rf8 45. Re6 Rd8 46. Rg6 Rd7
47. f5 Kh7 48. g4 a3 49. h4 Kh8 50. h5 Kh7 51. g5 Bf4 52. h6 gxh6 53. Rxh6+ 1-0